|
|
|
|
| LEADER |
00000nam0a2200000 4500 |
| 001 |
105066 |
| 005 |
20231101214603.0 |
| 010 |
|
|
|a 9785222109960
|
| 035 |
|
|
|a (RuTPU)RU\TPU\book\113323
|
| 090 |
|
|
|a 105066
|
| 100 |
|
|
|a 20061113d2007 m y0rusy50 ca
|
| 101 |
0 |
|
|a rus
|
| 102 |
|
|
|a RU
|
| 105 |
|
|
|a y j 000zy
|
| 200 |
1 |
|
|a Налоги и налогообложение
|e учебное пособие
|f С. Ф. Беликов
|
| 205 |
|
|
|a 2-е изд., перераб. и доп.
|
| 210 |
|
|
|a Ростов-на-Дону
|c Феникс
|d 2007
|
| 215 |
|
|
|a 510 с.
|
| 225 |
1 |
|
|a Среднее профессиональное образование
|
| 330 |
|
|
|a Пособие подготовлено в соответствии с Государственным образовательным стандартом по дисциплине «Налоги и налогообложение» для студентов специальности 0603 «Финансы» (по отраслям). Практикум базируется на основополагающем законодательном документе о налогах и сборах - Налоговом кодексе Российской Федерации. Его цель - помочь приобрести практические навыки в ходе обучения. Пособие включает основные теоретические положения о налогах в виде тестов, задач и их решений. Для студентов и преподавателей средних специальных учебных заведений, обучающихся по экономическим специальностям, а также может быть рекомендовано студентам вузов.
|
| 606 |
1 |
|
|a Налоги
|2 stltpush
|3 (RuTPU)RU\TPU\subj\36467
|9 57834
|
| 610 |
1 |
|
|a экономика
|
| 610 |
1 |
|
|a налоги
|
| 610 |
1 |
|
|a налогообложение
|
| 610 |
1 |
|
|a контрольные задания
|
| 610 |
1 |
|
|a рейтинги
|
| 610 |
1 |
|
|a тесты
|
| 610 |
1 |
|
|a практикумы
|
| 610 |
1 |
|
|a учебные пособия
|
| 686 |
|
|
|a У9(2)261.4я7
|v LBC/SL-A
|2 rubbk
|
| 700 |
|
1 |
|a Беликов
|b С. Ф.
|g Сергей Федорович
|
| 801 |
|
1 |
|a RU
|b 63413507
|c 20061113
|g PSBO
|
| 801 |
|
2 |
|a RU
|b 63413507
|c 20151216
|g PSBO
|
| 900 |
|
|
|a Налоги и налогообложение
|
| 942 |
|
|
|c BK
|
| 952 |
|
|
|a 521600
|b 080105
|
| 959 |
|
|
|a 90/20061025
|d 1
|e 140,00
|f ЧЗГЛ:1
|